[Event "Eliteserien 2013 - 14"]
[Site "Oslo"]
[Date "2013.11.01"]
[Round "9"]
[White "Hobber, Anders"]
[Black "Mork, Kjell Arne"]
[Result "1/2-1/2"]
[WhiteElo "2244"]
[BlackElo "2292"]
[PlyCount "202"]
[EventDate "2013.??.??"]

1. Nf3 Nf6 2. b3 b6 3. Bb2 Bb7 4. g3 e6 5. Bg2 Be7 6. O-O O-O 7. c4 c5 8. Nc3
d6 9. d4 Ne4 10. Qc2 Nxc3 11. Bxc3 Qc7 12. dxc5 bxc5 13. Qb2 g6 14. Bg7 Re8 15.
Bh6 e5 16. Ne1 Nc6 17. Nc2 Bf6 18. Ne3 Bh8 19. Nd5 Qd8 20. Bd2 Rb8 21. Bc3 h5
22. e3 Bg7 23. Rad1 h4 24. Rd2 hxg3 25. hxg3 Nd4 26. Qa1 Nf5 27. Qd1 Kh7 28.
Be4 Bc8 29. Kg2 Rh8 30. Rh1+ Kg8 31. Rxh8+ Kxh8 32. Bb2 Kg8 33. Nc3 Bf8 34. Nb5
Rb6 35. Qh1 Qg5 36. Bd5 Bd7 37. Nc3 Nh6 38. Ne4 Qe7 39. Nc3 Ng4 40. Bf3 Bg7 41.
Nd5 Qg5 42. Nxb6 axb6 43. Qh4 Qxh4 44. gxh4 Bf8 45. Bxg4 Bxg4 46. Bc3 Be7 47.
Kg3 Be6 48. a4 Kf8 49. f3 Ke8 50. Rd1 Bf5 51. e4 Be6 52. Bd2 Kd7 53. Rh1 f5 54.
Bg5 f4+ 55. Kf2 Bf7 56. Rd1 Be6 57. Ke2 Bf7 58. Rd3 Be6 59. Kf2 Bh3 60. Ke2 Be6
61. Rd2 Bf7 62. Kd1 Be6 63. Kc2 Bf7 64. Kb2 Be8 65. Ka3 Bf8 66. Kb2 Bf7 67. Kc3
Kc7 68. a5 bxa5 69. Ra2 Be8 70. Rxa5 Kb7 71. Ra2 Bf7 72. Rb2 Kc7 73. Rb1 Be6
74. Ra1 Kb7 75. Ra2 Bd7 76. Bf6 Be8 77. Rd2 Kc7 78. Rd1 Bf7 79. Rg1 Kc6 80. Rg2
Kc7 81. Ra2 Kb7 82. Ra1 Be8 83. Rg1 Bf7 84. Rg2 Kc7 85. Kb2 Kc6 86. Ka3 Kb6 87.
Rg1 Kc7 88. Ka4 Kb6 89. Bd8+ Kc6 90. Ba5 Kd7 91. Be1 Be7 92. Ka3 Be8 93. Kb2
Kc6 94. Kc3 Kd7 95. Kd3 Ke6 96. h5 gxh5 97. Rg8 Kd7 98. Rg7 Ke6 99. Rxe7+ Kxe7
100. Bh4+ Kd7 101. Kd2 Bf7 1/2-1/2

[Event "Eliteserien 2013 - 14"]
[Site "Oslo"]
[Date "2013.11.01"]
[Round "9"]
[White "Stigar, Petter"]
[Black "Haugli, Petter"]
[Result "1/2-1/2"]
[WhiteElo "2290"]
[BlackElo "2293"]
[PlyCount "33"]
[EventDate "2013.??.??"]

1. d4 d5 2. c4 dxc4 3. Nf3 Nf6 4. e3 Bg4 5. Bxc4 e6 6. h3 Bh5 7. Nc3 c5 8. d5
exd5 9. Nxd5 Nc6 10. O-O Nxd5 11. Qxd5 Qxd5 12. Bxd5 O-O-O 13. Bxc6 bxc6 14. b3
f6 15. Ba3 Bxf3 16. gxf3 c4 17. Bxf8 1/2-1/2